000 nam a22 7a 4500
999 _c10192
_d10192
008 180212b ||||| |||| 00| 0 eng d
100 _aSwift,Jonathan
_96190
245 _aGuilliver's Travels
260 _aNew Delhi
_bLaxmi